| 000 | 02245nam a22003137a 4500 | ||
|---|---|---|---|
| 001 | 8580 | ||
| 003 | FISKH | ||
| 005 | 20251001154110.0 | ||
| 008 | 251001b cb ||||| |||| 00| 0 eng d | ||
| 020 | _a9789996301568 | ||
| 040 |
_aFISKH _bkhr _cFISKH _dFISKH |
||
| 050 | _aPZ7 | ||
| 082 | _a590 | ||
| 100 | _aDawn, Dim | ||
| 245 |
_aកូនប្រជៀវវៃឆ្លាត : _bClever little bat / _cនិពន្ធដោយ លោក ឌឹម ដន , គណ:កម្មការអំណាន លោក ធី ចាន់ថន និង អ្នកនាង វ៉ាត ចរិយា |
||
| 260 |
_aPhnom Penh : _bReading Books , _c2012. |
||
| 300 |
_a21 pages : _bcolor illustrations ; _c25 cm . |
||
| 490 | _aពិភពរឿងនិទាន | ||
| 505 | _aK | ||
| 520 | _aមានកូនប្រជៀវតូចមួយហើររកចំណីតែឯងខុសពេលវេលាគ្មានទិសដៅ ហើយបានជួបនឹងសត្រូវដែលជាសត្វកំណាចដែលអាចសុីវាជាអាហារ ៕ ប៉ុន្តែដោយសារភាពឆ្លាតវៃវាអាចដោះស្រាយបព្ហាអោយខ្លួនវារួចផុតពីសេចក្តីស្លាប់បាន ។ ចាប់ពីពេលនោះមកវាក៏បានផ្លាស់ប្តូរពេលវេលាស្វែងរកចំណីដោយប្រុងប្រយ័ត្ន ។ | ||
| 520 | _aThere was a little bat flying around in search of food alone at the wrong time. THen he came across his enemies, the fierce creatures that could prey on him for two times. However, due to his wisdom, the little bat could peacefully deal with the two enemies and saved his life . Since then, the little bat changed his time to look for food carefully . | ||
| 521 | 8 |
_a510
_bLexile estimate |
|
| 521 | 8 |
_aK
_bRaz-Plus |
|
| 650 |
_aកូនប្រជៀវវៃឆ្លាត _vរឿងនិទានកុមារ |
||
| 650 |
_aClever little bat _vChildren's stories |
||
| 700 |
_aYu, Mai _eIllustrator |
||
| 942 |
_2ddc _cKHB _n0 |
||
| 999 |
_c8580 _d8580 |
||